Korean War Belligerents - Statistics

General Stats
  • This quiz has been taken 222 times
  • The average score is 15 of 20
Answer Stats
Answer % Correct
C China
96%
W United Kingdom
96%
W United States
96%
C North Korea
93%
C Soviet Union
92%
W France
91%
W South Korea
91%
W Australia
88%
W Canada
88%
W New Zealand
76%
W Belgium
74%
W Netherlands
73%
W Turkey
69%
W Philippines
63%
W Thailand
63%
W Greece
60%
W South Africa
56%
W Luxembourg
49%
W Colombia
39%
W Ethiopia
37%
No matching quizzes found
Score Distribution
Percent of People with Each Score
Percentile by Number Answered
Your Score History
You have not taken this quiz